Score 0/20 Timer 03:00
0 Plays Today
% Correct
Homer vs Bart
97.7%
Bart vs Lisa
97.7%
Fat Tony vs Yakuza
97.6%
Bart vs Skinner
97.5%
Maggie vs Lobster
97.4%
Bush Sr. vs Homer
97.4%
Milhouse vs Bart
97.4%
Bart vs Gina
97.4%
Bart vs Sideshow Bob
97.3%
Itchy vs Scratchy
97.2%
% Correct
Apu vs Homer
97.1%
Milhouse & Ralph vs 3 Bullies
96.9%
Marge vs Chett
96.5%
Homer vs Willie
96.2%
Bart vs Nelson
95.6%
Lenny vs Carl
95.5%
Homer vs Smithers
95.3%
Homer vs Snake
93.5%
Homer vs Tom
90.2%
Homer vs Tatum
88.6%

You're not logged in!

Compare scores with friends on all Sporcle quizzes.
OR
Log In

Sporcle TV

Today on Sporcle TV


Watch our educational content, quiz creation guides, and fun videos on Sporcle TV.

Show Comments

Extras

Top Quizzes Today


Score Distribution

Paid Content

Your Account Isn't Verified!

In order to create a playlist on Sporcle, you need to verify the email address you used during registration. Go to your Sporcle Settings to finish the process.

Report this User

Report this user for behavior that violates our Community Guidelines.

Details: